Riconosci il Pokémon - Quiz n°339 - Statistics

Statistiche generali
  • Questo quiz è stato fatto 4 volte
  • Il punteggio medio è 3 su 10
Statistiche sulle risposte
Indizio Risposta % Corretto
Tipo Ghiaccio
100%
Generazione Nona
100%
Stadio evoluzione Prima evoluzione
100%
Abilità Grassospesso; Spalaneve; Forzabruta
33%
Altezza 4,5 m
0%
Tasso di cattura 50 (12.9%)
0%
Sesso 50% ♂, 50% ♀
0%
Peso 700,0 kg
0%
Pokémon Cetitan
0%
Tasso di allevamento Medio-Lento
0%
Nessun quiz corrispondente trovato
Distribuzione punteggi
Percentuale di utenti per punteggio
Percentile per numero di risposta
I tuoi punteggi nel tempo
Non hai fatto questo quiz